| 000 | 01036nam a22003017a 4500 | ||
|---|---|---|---|
| 003 | CHAP | ||
| 005 | 20220329140918.0 | ||
| 008 | 971013s1995 r 00010 d | ||
| 010 | _a59689 | ||
| 011 | _a60661 | ||
| 035 | _a64823 | ||
| 040 | _cCHAP | ||
| 082 |
_a338.19 _bM32 |
||
| 100 | 0 | 0 |
_aMata García, Bernardino. _972863 |
| 245 | _aSociedad, agricultura y alimentación en México (documento de apoyo al módulo "ECSF" | ||
| 260 |
_aMéxico, D.F. : _bUniversidad Autónoma Metropolitana. Unidad Xochimilco, _c1995 |
||
| 300 | _a122 p. | ||
| 590 |
_aBATCH-UPD _b10 _c20130110 _lUCH01 _h1933 |
||
| 590 |
_aBATCH-UPD _b10 _c20130410 _lUCH01 _h1257 |
||
| 590 |
_aBATCH-UPD _b10 _c20130914 _lUCH01 _h0145 |
||
| 590 |
_aCONVERSION _b10 _c20130109 _lUCH01 _h1332 |
||
| 650 | 1 | 4 |
_aAlimentos _xAbastecimiento _xMexico. _94132 |
| 650 | 1 | 4 |
_aAlimentos _xConsumo _zMexico. _94203 |
| 650 | 1 | 4 |
_aPolítica alimentaria _xMéxico. _990410 |
| 901 | _aBK | ||
| 942 | _cLIBRO | ||
| 949 |
_a338.19 M32 _bBC _cLIBRO _d33724000082210 _eLIBRO _h90192 _i64823 _mD _si |
||
| 999 |
_c59689 _d59689 |
||